000 00860nam0a22002651 4500
001 rc\2310810
005 20250623044833.0
035 _a(NLR Aleph) 006574269
090 _a6978123
_c6978123
100 _a20110829d1977 |||y0rusy50 ca
101 0 _arus
102 _aRU
105 _ay z |||||
200 1 _aОтчет о командировке во Францию
_fАН СССР. ВИНИТИ
210 _aМосква
_cБ. и.
_d1977
215 _a12 с.
_d22
300 _aПеред загл. авт.: Е.Д. Щукин; на 3-й с. - д. ф.-м. н., проф. Е.Д. Щукин
333 _aДСП. Экз. № 5
700 1 _aЩукин
_bЕ.Д.
_f1928-
_gЕвгений Дмитриевич
801 0 _aRU
_bNLR
_gpsbo
801 1 _aRU
_bELAR
_2rusmarc
852 _aNLR
_j77-50К/3750
899 _aRuMoRGB
_jСХ
942 _cBOOK
980 _aNB